Cities by Names They Share - Statistics

General Stats
  • This quiz has been taken 113 times
    101 since last reset
  • The average score is 13 of 18
Answer Stats
Location Population Location Population City % Correct
Chile 5,220,161 Dominican Republic 1,173,015 Santiago (de los Caballeros)
95%
Tennessee 646,889 Egypt 0 Memphis
92%
Costa Rica 1,543,000 California 1,030,119 San José
90%
The Bahamas 274,400 Germany 4,513 Nassau
89%
British Columbia (Canada) 631,486 Washington 161,791 Vancouver
88%
Bolivia 789,541 Mexico 244,219 La Paz
83%
Puerto Rico 2,148,346 Mexico 241,699 San Juan (del Río)
83%
Austria 1,888,776 France 29,306 Vienna/Vienne
82%
Belarus 350,616 Brittany (France) 140,064 Brest
76%
Brazil 12,176,866 Angola 2,571,861 São Paulo (da Assunção de Loanda)
75%
India 6,809,970 Pakistan 1,732,693 Hyderabad
72%
Argentina 1,317,298 Andalusia (Spain) 325,708 Córdoba
69%
Venezuela 1,827,165 Spain 791,413 Valencia
69%
Andalusia (Spain) 688,711 Colombia 45,142 Sevilla
65%
Dominican Republic 965,040 Ecuador 305,632 Santo Domingo
61%
South West England (UK) 454,200 Massachusetts 61,353 Bristol
41%
Romania 56,006 Grenada 33,734 Sfântu Gheorghe/St. George's
36%
Romania 283,872 Germany 84,760 Constanța/Constance
25%
No matching quizzes found
Score Distribution
Percent of People with Each Score
Percentile by Number Answered
Your Score History
You have not taken this quiz since the last reset